Three pigs, one wolf, and their own words / (Record no. 42521)
[ view plain ]
| 000 -LEADER | |
|---|---|
| fixed length control field | 01517cam a2200445 a 4500 |
| 001 - CONTROL NUMBER | |
| control field | 4014783 |
| 003 - CONTROL NUMBER IDENTIFIER | |
| control field | OSt |
| 005 - DATE AND TIME OF LATEST TRANSACTION | |
| control field | 20140429091613.0 |
| 008 - FIXED-LENGTH DATA ELEMENTS--GENERAL INFORMATION | |
| fixed length control field | 970114s1997 nyua b 000 1 eng |
| 010 ## - LIBRARY OF CONGRESS CONTROL NUMBER | |
| LC control number | 97005040 |
| 020 ## - INTERNATIONAL STANDARD BOOK NUMBER | |
| International Standard Book Number | 0590308572 |
| 020 ## - INTERNATIONAL STANDARD BOOK NUMBER | |
| International Standard Book Number | 9780590308571 |
| 040 ## - CATALOGING SOURCE | |
| Original cataloging agency | DLC |
| Transcribing agency | DLC |
| Modifying agency | DLC |
| 042 ## - AUTHENTICATION CODE | |
| Authentication code | lcac |
| 050 00 - LIBRARY OF CONGRESS CALL NUMBER | |
| Classification number | PZ 10.3 |
| Item number | .C466Th 2002 |
| 100 1# - MAIN ENTRY--PERSONAL NAME | |
| Personal name | Cindy Chapman |
| 9 (RLIN) | 5551 |
| 245 10 - TITLE STATEMENT | |
| Title | Three pigs, one wolf, and their own words / |
| Statement of responsibility, etc | Cindy Chapman |
| 246 3# - VARYING FORM OF TITLE | |
| Title proper/short title | 4 pigs, 1 wolf, and 7 magic shapes |
| 260 ## - PUBLICATION, DISTRIBUTION, ETC. (IMPRINT) | |
| Place of publication, distribution, etc | New York : |
| Name of publisher, distributor, etc | Scholastic, |
| Date of publication, distribution, etc | 2002. |
| 300 ## - PHYSICAL DESCRIPTION | |
| Extent | 1 v. (unpaged) : |
| Other physical details | col. ill. ; |
| Dimensions | 23 cm. |
| 440 #0 - SERIES STATEMENT/ADDED ENTRY--TITLE | |
| Title | Hello math reader. |
| Number of part/section of a work | Level 3 |
| 9 (RLIN) | 27661 |
| 500 ## - GENERAL NOTE | |
| General note | "Cartwheel books." |
| 500 ## - GENERAL NOTE | |
| General note | "Geometry"--Cover. |
| 520 ## - SUMMARY, ETC. | |
| Summary, etc | Tells the story of three pigs who acquire some magic shapes, which they use for various purposes, some smart and some not so smart. Includes a section with related activities. |
| 521 0# - TARGET AUDIENCE NOTE | |
| Target audience note | |
| 526 ## - STUDY PROGRAM INFORMATION NOTE | |
| Reading level | BR |
| 562 ## - COPY AND VERSION IDENTIFICATION NOTE | |
| Number of copies | 2 |
| 650 #1 - SUBJECT ADDED ENTRY--TOPICAL TERM | |
| Topical term or geographic name as entry element | Shape |
| Form subdivision | Fiction. |
| 9 (RLIN) | 27662 |
| 650 #1 - SUBJECT ADDED ENTRY--TOPICAL TERM | |
| Topical term or geographic name as entry element | Tangrams |
| Form subdivision | Fiction. |
| 9 (RLIN) | 27663 |
| 650 #1 - SUBJECT ADDED ENTRY--TOPICAL TERM | |
| Topical term or geographic name as entry element | Pigs |
| Form subdivision | Fiction. |
| 9 (RLIN) | 27664 |
| 650 #1 - SUBJECT ADDED ENTRY--TOPICAL TERM | |
| Topical term or geographic name as entry element | Characters in literature |
| Form subdivision | Fiction. |
| 9 (RLIN) | 27665 |
| 700 1# - ADDED ENTRY--PERSONAL NAME | |
| Personal name | Neuhaus, David, |
| Relator term | ill. |
| 9 (RLIN) | 27666 |
| 700 1# - ADDED ENTRY--PERSONAL NAME | |
| Personal name | Burns, Marilyn, |
| Dates associated with a name | 1941- |
| 9 (RLIN) | 27667 |
| 906 ## - LOCAL DATA ELEMENT F, LDF (RLIN) | |
| a | 7 |
| b | cbc |
| c | orignew |
| d | 1 |
| e | ocip |
| f | 19 |
| g | y-gencatlg |
| 942 ## - ADDED ENTRY ELEMENTS (KOHA) | |
| Source of classification or shelving scheme | Library of Congress Classification |
| Koha item type | Books |
| Withdrawn status | Lost status | Source of classification or shelving scheme | Damaged status | Home library | Current library | Shelving location | Date acquired | Total Checkouts | Full call number | Barcode | Date last seen | Copy number | Price effective from | Koha item type |
|---|---|---|---|---|---|---|---|---|---|---|---|---|---|---|
| Library of Congress Classification | Munich Library | Munich Library | Scholastic Reading Center Section | 03/07/2014 | PZ 10.3 .C466Th 2002 | MS1855 | 03/07/2014 | 1 | 03/07/2014 | Books | ||||
| Library of Congress Classification | Munich Library | Munich Library | Scholastic Reading Center Section | 03/07/2014 | PZ 10.3 .C466Th 2002 | MS3336 | 03/07/2014 | 2 | 03/07/2014 | Books |